Wspólnoty autonomiczne Hiszpanii - Statystyki

Ogólne statystyki
  • Ten quiz został rozwiązany 36 razy
  • Średni wynik to 11 z 17
Statystyki odpowiedzi
Podpowiedź W. Autonomiczne % Poprawnych
Mainland Katalonia
92%
Mainland Kraj Basków
88%
Wyspy Baleary
83%
Mainland Andaluzja
75%
Mainland Galicja
75%
Mainland Walencja
75%
Mainland Madryt
71%
Mainland Murcja
67%
Wyspy Kanaryjskie
63%
Mainland Aragonia
58%
Mainland Asturia
58%
Mainland Kastylia-Leon
58%
Mainland Kastylia-La Mancha
54%
Mainland La Rioja
54%
Mainland Nawarra
54%
Mainland Kantabria
46%
Mainland Estremadura
42%
Nie znaleziono quizów pasujących do podanych kryteriów
Rozkład punktacji
Procent ludzi z każdym wynikiem
Percentyl według liczby udzielonych odpowiedzi
Twoja historia wyników
Nie rozwiązałeś tego quizu